[Event "DEM U10/U10w 2013"]
[Site "Oberhof GER"]
[Date "2013.05.21"]
[Round "5"]
[White "Kublanov, Elizabeth"]
[Black "Zimmer, Raphael"]
[Result "0-1"]
[Termination "normal"]
[Board "23"]
[WhiteElo "1103"]
[BlackElo "1369"]
[PlyCount "50"]
[WhiteFideId "12944564"]
[BlackFideId "12978841"]
[EventCountry "GER"]
[EventRounds "11"]
[EventType "swiss"]
[EventDate "2013.05.18"]

1. d4 d5 2. c4 e6 3. cxd5 exd5 4. Nc3 Nf6 5. Nf3 c5 6. e3 cxd4 7. exd4 Bb4 8.
Bb5+ Nc6 9. O-O O-O 10. Qc2 Qb6 11. Bxc6 bxc6 12. Bf4 Ba6 13. Rfe1 Qa5 14. Ne5
Rac8 15. Re3 c5 16. dxc5 Bxc5 17. Rh3 g6 18. Qa4 Qb6 19. Bg3 Qxb2 20. Rb1 Qxc3
21. Qxa6 Qc2 22. Re1 Ne4 23. Qf1 Rfe8 24. Nd3 Nd2 25. Rxe8+ Rxe8 0-1

[Event "DEM U10/U10w 2013"]
[Site "Oberhof GER"]
[Date "2013.05.21"]
[Round "5"]
[White "Bartelt, Max Peter"]
[Black "Basovskiy, Jana"]
[Result "1-0"]
[Termination "normal"]
[Board "24"]
[WhiteElo "1356"]
[BlackElo "1109"]
[PlyCount "113"]
[WhiteFideId "12967289"]
[BlackFideId "16208617"]
[EventCountry "GER"]
[EventRounds "11"]
[EventType "swiss"]
[EventDate "2013.05.18"]

1. d4 d5 2. Bf4 Nc6 3. Nc3 Nf6 4. Nb5 e5 5. dxe5 Ne4 6. e6 Nd6 7. exf7+ Kxf7 8.
Nxd6+ Bxd6 9. Qxd5+ Be6 10. Qd2 Bxf4 11. Qxf4+ Qf6 12. Qxf6+ Kxf6 13. O-O-O
Rhd8 14. e3 Rxd1+ 15. Kxd1 Rd8+ 16. Kc1 Bxa2 17. b3 Nb4 18. Nf3 Kf5 19. Bd3+
Nxd3+ 20. cxd3 Rxd3 21. Kb2 Bxb3 22. Nd4+ Ke5 23. Nxb3 b6 24. Kc2 Rd7 25. Nd4
c5 26. Nf3+ Kd6 27. Kc3 b5 28. Rb1 b4+ 29. Kc4 a5 30. Rd1+ Kc6 31. Rxd7 Kxd7
32. Kxc5 b3 33. Nd2 b2 34. Kb5 Kd6 35. Kxa5 Kc5 36. Ka4 b1=Q 37. Nxb1 Kc4 38.
Nd2+ Kd3 39. Nf3 Ke2 40. e4 Kxf2 41. e5 Kxg2 42. Nd4 Kxh2 43. e6 g5 44. Nf3+
Kh3 45. Nxg5+ Kg4 46. Nxh7 Kh5 47. e7 Kh6 48. e8=Q Kxh7 49. Qe6 Kg7 50. Qf5 Kg8
51. Qd7 Kh8 52. Kb5 Kg8 53. Kc6 Kh8 54. Kd6 Kg8 55. Ke6 Kh8 56. Kf6 Kg8 57.
Qg7# 1-0

[Event "DEM U10/U10w 2013"]
[Site "Oberhof GER"]
[Date "2013.05.21"]
[Round "5"]
[White "Eulitz, Charlotte"]
[Black "Grund, Sebastian"]
[Result "1/2-1/2"]
[Termination "normal"]
[Board "27"]
[WhiteElo "1009"]
[BlackElo "1231"]
[PlyCount "178"]
[WhiteFideId "12964654"]
[BlackFideId "12988626"]
[EventCountry "GER"]
[EventRounds "11"]
[EventType "swiss"]
[EventDate "2013.05.18"]

1. e4 c5 2. Nf3 e6 3. d4 cxd4 4. Nxd4 Nf6 5. Nc3 Be7 6. Ndb5 O-O 7. Bf4 a6 8.
Nc7 Ra7 9. Be3 Qxc7 10. Bxa7 Nc6 11. Be3 Bb4 12. f3 b5 13. Bd2 Qa7 14. a3 Bc5
15. Qe2 Nd4 16. Qd3 Rd8 17. O-O-O Bb7 18. g4 d5 19. e5 Nd7 20. f4 Nf3 21. Bg2
Nxd2 22. Kxd2 Nb6 23. Ke2 Nc4 24. Rb1 Ne3 25. Bh3 Qb6 26. Rhg1 Nxc2 27. Rg3 Ne3
28. f5 Nc4 29. fxe6 fxe6 30. g5 Nxe5 31. Qc2 d4 32. Qb3 Nc4 33. Nd1 Bd5 34. Qd3
Ne5 35. Qd2 Bc4+ 36. Ke1 Nd3+ 37. Rxd3 Bxd3 38. Qxd3 e5 39. Qb3+ Kh8 40. Qe6
Qxe6 41. Bxe6 e4 42. Rc1 Be7 43. h4 b4 44. Rc8 Rxc8 45. Bxc8 bxa3 46. bxa3 Bxa3
47. Bxa6 Be7 48. Bb7 e3 49. Ke2 h6 50. gxh6 gxh6 51. h5 Kg7 52. Bf3 Kf6 53. Kd3
Ke5 54. Be2 Bc5 55. Nb2 Ba7 56. Nc4+ Kf6 57. Nd6 Ke6 58. Nb5 Bb6 59. Nxd4+ Bxd4
60. Kxd4 Kd6 61. Kxe3 Ke5 62. Kf3 Ke6 63. Kf4 Kf6 64. Kg4 Ke6 65. Kf4 Kf6 66.
Bg4 Kg7 67. Kf5 Kf7 68. Be2 Kg7 69. Bd3 Kf7 70. Ke5 Ke7 71. Bg6 Kf8 72. Kf6 Kg8
73. Bf5 Kh8 74. Kg6 Kg8 75. Kxh6 Kh8 76. Kg6 Kg8 77. Kf6 Kh8 78. Kg6 Kg8 79.
Kh6 Kh8 80. Bg6 Kg8 81. Bf7+ Kh8 82. Bg6 Kg8 83. Bf7+ Kh8 84. Kg5 Kg7 85. Bg6
Kg8 86. Bf5 Kh8 87. Kg6 Kg8 88. Be4 Kh8 89. h6 Kg8 1/2-1/2

[Event "DEM U10/U10w 2013"]
[Site "Oberhof GER"]
[Date "2013.05.21"]
[Round "5"]
[White "Hommer, Jeremy"]
[Black "Khamenya, Vitalia"]
[Result "1-0"]
[Termination "normal"]
[Board "28"]
[WhiteElo "994"]
[BlackElo "1210"]
[PlyCount "93"]
[WhiteFideId "12992577"]
[BlackFideId "12959260"]
[EventCountry "GER"]
[EventRounds "11"]
[EventType "swiss"]
[EventDate "2013.05.18"]

1. g3 d5 2. Bg2 e5 3. e3 Nf6 4. Ne2 Nc6 5. d4 e4 6. c4 Bg4 7. Nbc3 Bb4 8. Bd2
Bxc3 9. Bxc3 O-O 10. cxd5 Bxe2 11. Qxe2 Qxd5 12. O-O a5 13. a3 Rfe8 14. Rac1 h6
15. Bd2 Re7 16. Rc5 Qd6 17. Rfc1 Ra6 18. Qb5 Rb6 19. Qa4 Rxb2 20. Bxa5 Nxa5 21.
Rxa5 Re8 22. g4 Qe7 23. Re5 Qd8 24. Rxe8+ Nxe8 25. Bxe4 Nf6 26. Bf3 Kh7 27. Qc4
Qd7 28. Qxc7 Rb1 29. Qc2+ g6 30. Rxb1 Kg7 31. Rxb7 Qe6 32. h3 h5 33. Be4 Nxe4
34. Rb5 Nd6 35. Re5 Qd7 36. f3 hxg4 37. hxg4 Qa7 38. a4 f5 39. a5 fxg4 40. Rg5
Qf7 41. Rxg4 Qe6 42. e4 Qf7 43. Kg2 Nc4 44. Qc3 Kh7 45. Rh4+ Kg8 46. d5 Nd6 47.
Qh8# 1-0

[Event "DEM U10/U10w 2013"]
[Site "Oberhof GER"]
[Date "2013.05.21"]
[Round "5"]
[White "Koll, Linus"]
[Black "Müller, Marvin"]
[Result "1-0"]
[Termination "normal"]
[Board "29"]
[WhiteElo "1208"]
[BlackElo "774"]
[PlyCount "147"]
[WhiteFideId "12990299"]
[BlackFideId "16214528"]
[EventCountry "GER"]
[EventRounds "11"]
[EventType "swiss"]
[EventDate "2013.05.18"]

1. e4 e5 2. Nf3 Nf6 3. Nc3 Bc5 4. h3 Nc6 5. Bb5 d6 6. Bxc6+ bxc6 7. a3 Be6 8.
d3 h6 9. Be3 O-O 10. O-O Re8 11. Qd2 Bb6 12. Nh2 Rb8 13. b4 a6 14. Ne2 Qd7 15.
Ng3 d5 16. exd5 cxd5 17. Bxb6 cxb6 18. f4 e4 19. f5 Bxf5 20. Nxf5 b5 21. dxe4
dxe4 22. Qxd7 Nxd7 23. Rad1 Rbd8 24. Rde1 Nb6 25. Ng3 e3 26. Rf3 Nc4 27. Nhf1
Nd2 28. Rfxe3 Rxe3 29. Rxe3 Nc4 30. Rc3 Ra8 31. Ne3 {Hier folgte Sc4-a2} 31...
Nd2 32. Kh1 Nb3 33. Kh2 Nc1 34. Kg1 34... Na2 {Ab hier geht die Partie weiter}
35. Rb3 a5 36. bxa5 Rxa5 37. Ne2 g5 38. Nd5 b4 39. Nxb4 Nxb4 40. axb4 Rb5 41.
c4 Rb8 42. b5 Kf8 43. c5 Ke8 44. Nd4 Kd7 45. b6 f6 46. c6+ Kd6 47. c7 Rc8 48.
b7 Kxc7 49. bxc8=Q+ Kxc8 50. Ra3 Kd7 51. Ra6 Ke7 52. Nf5+ Kf7 53. Nxh6+ Kg6 54.
Ng4 Kf5 55. Rxf6+ Ke4 56. g3 Kd4 57. Rf3 Ke4 58. Kf2 Kd4 59. Ke2 Ke4 60. Re3+
Kd4 61. Kd2 Kd5 62. Kd3 Kc5 63. Re5+ Kd6 64. Kc4 Kc6 65. Re6+ Kd7 66. Kd5 Kc7
67. Rh6 Kb7 68. Kc5 Kc7 69. Rh7+ Kd8 70. Kd6 Ke8 71. Ra7 Kf8 72. Ke6 Kg8 73.
Kf6 Kh8 74. Kg6 1-0

[Event "DEM U10/U10w 2013"]
[Site "Oberhof GER"]
[Date "2013.05.21"]
[Round "5"]
[White "Berelowitsch, Dana"]
[Black "Richardt, Josia"]
[Result "1/2-1/2"]
[Termination "normal"]
[Board "30"]
[WhiteElo "981"]
[BlackElo "1205"]
[PlyCount "130"]
[WhiteFideId "12977144"]
[BlackFideId "16217594"]
[EventCountry "GER"]
[EventRounds "11"]
[EventType "swiss"]
[EventDate "2013.05.18"]

1. e4 e5 2. Nf3 Nc6 3. Bb5 Bc5 4. Nc3 d6 5. d4 exd4 6. Nxd4 Bd7 7. Nxc6 Bxc6 8.
Bxc6+ bxc6 9. O-O Ne7 10. Bg5 f6 11. Bf4 O-O 12. Qe2 Kh8 13. Rfd1 Ng6 14. Be3
Bb6 15. Rd2 Qe7 16. Rad1 Rad8 17. Rd3 Qe5 18. Qd2 Rfe8 19. Bxb6 axb6 20. Rd4
Nf8 21. Ra4 Ra8 22. Qd4 Qxd4 23. Rdxd4 Rxa4 24. Rxa4 d5 25. f3 dxe4 26. fxe4 g5
27. Ra7 Ne6 28. b4 Kg7 29. b5 cxb5 30. Nxb5 Re7 31. Nd6 Kg6 32. Nb5 Rd7 33. c3
f5 34. exf5+ Kxf5 35. h3 Kf4 36. Ra4+ Ke3 37. Kh2 h5 38. Kg3 Nc5 39. Ra7 c6 40.
Rxd7 Nxd7 41. Na7 c5 42. h4 g4 43. a4 Ne5 44. Nc8 Nc4 45. Ne7 Ke4 46. Ng8 Kf5
47. Nh6+ Kg6 48. Ng8 Nb2 49. Ne7+ Kf7 50. Nd5 Nxa4 51. Nf4 Nxc3 52. Nxh5 b5 53.
Nf4 b4 54. h5 b3 55. Nd3 c4 56. Nb2 Nd5 57. Nxc4 Nf6 58. Kh4 g3 59. Kxg3 Nxh5+
60. Kf2 Ke6 61. Ke2 Kd5 62. Nb2 Kd4 63. Kd2 Ng3 64. Na4 Kc4 65. Nb2+ Kd4
1/2-1/2

[Event "DEM U10/U10w 2013"]
[Site "Oberhof GER"]
[Date "2013.05.21"]
[Round "5"]
[White "Bünte, Kirsten"]
[Black "Glinzner, Alva"]
[Result "0-1"]
[Termination "normal"]
[Board "31"]
[WhiteElo "1182"]
[BlackElo "974"]
[PlyCount "110"]
[WhiteFideId "16200535"]
[BlackFideId "16206169"]
[EventCountry "GER"]
[EventRounds "11"]
[EventType "swiss"]
[EventDate "2013.05.18"]

1. e4 e5 2. Nf3 Nc6 3. Bc4 Bc5 4. Nc3 Nf6 5. d3 d6 6. a3 Bg4 7. h3 Bh5 8. g4
Bg6 9. Qe2 Qd7 10. Be3 Bxe3 11. Qxe3 O-O-O 12. Bb5 Rhe8 13. Bxc6 Qxc6 14. Qxa7
d5 15. exd5 Nxd5 16. Qa8+ Kd7 17. Qa4 Nxc3 18. Qxc6+ bxc6 19. bxc3 e4 20. Nh4
exd3+ 21. Kd2 Re2+ 22. Kd1 Be4 23. Re1 Rxe1+ 24. Kxe1 dxc2 25. f3 Bd3 26. Kd2
Ke8 27. Re1+ Kf8 28. Rh1 g5 29. Ng2 Rb8 30. Kxd3 Rb1 31. Kxc2 Rxh1 32. a4 Rh2
33. Kb3 Rxg2 34. Kb4 Re2 35. c4 Ke7 36. Ka5 Ra2 37. Kb4 c5+ 38. Kb5 Kd6 39. a5
Kd7 40. Ka6 Kc8 41. Kb5 f6 42. Ka6 Kb8 43. Kb5 Kb7 44. a6+ Rxa6 45. Kxc5 Ra5+
46. Kd4 f5 47. c5 Kc6 48. gxf5 Rxc5 49. f6 Rd5+ 50. Ke4 Rd8 51. Ke5 Re8+ 52.
Kf5 Kd6 53. Kxg5 Rf8 54. f4 c5 55. f5 c4 0-1

[Event "DEM U10/U10w 2013"]
[Site "Oberhof GER"]
[Date "2013.05.21"]
[Round "5"]
[White "Pahl, Erik"]
[Black "Baladjaev, Leyla"]
[Result "0-1"]
[Termination "normal"]
[Board "32"]
[WhiteElo "880"]
[BlackElo "1385"]
[PlyCount "54"]
[WhiteFideId "16201272"]
[BlackFideId "12960217"]
[EventCountry "GER"]
[EventRounds "11"]
[EventType "swiss"]
[EventDate "2013.05.18"]

1. e4 c5 2. Nf3 Nc6 3. d4 cxd4 4. Nxd4 e5 5. Nxc6 bxc6 6. Be3 Nf6 7. Nd2 Be7 8.
Bd3 O-O 9. f4 exf4 10. Bxf4 Bc5 11. Nb3 Bb6 12. Qd2 Qe7 13. e5 d6 14. O-O-O
dxe5 15. Rhe1 e4 16. Bg5 Qe5 17. Bxf6 Qxf6 18. Rxe4 Be6 19. Bc4 Bxc4 20. Rxc4
Qe6 21. Rc3 Rad8 22. Qe1 Rxd1+ 23. Qxd1 Rd8 24. Rd3 Rxd3 25. Qxd3 Qe1+ 26. Qd1
Be3+ 27. Nd2 Bxd2+ 0-1

[Event "DEM U10/U10w 2013"]
[Site "Oberhof GER"]
[Date "2013.05.21"]
[Round "5"]
[White "Gazizov, Max"]
[Black "Wastian, Mareike"]
[Result "1-0"]
[Termination "normal"]
[Board "33"]
[WhiteElo "1042"]
[BlackElo "1096"]
[PlyCount "69"]
[WhiteFideId "12951323"]
[BlackFideId "12947423"]
[EventCountry "GER"]
[EventRounds "11"]
[EventType "swiss"]
[EventDate "2013.05.18"]

1. d4 d5 2. c4 e6 3. Nc3 c5 4. cxd5 exd5 5. Nf3 Nc6 6. Bg5 Be7 7. Bxe7 Ngxe7 8.
dxc5 O-O 9. e3 Bg4 10. Be2 a6 11. Nd4 Bxe2 12. Qxe2 Nxd4 13. exd4 Nc6 14. O-O
Re8 15. Qf3 Nxd4 16. Qxd5 Nc6 17. Qxd8 Rexd8 18. Rfd1 Re8 19. Re1 Rad8 20. Rad1
h6 21. Rxe8+ Rxe8 22. h3 Re7 23. f3 Ne5 24. b3 Nc6 25. Kf2 Kh7 26. Rd6 f6 27.
g4 Re5 28. Rd5 Re7 29. Rd6 Re5 30. Ne4 Nb4 31. Rd7 Nxa2 32. Nxf6+ Kg6 33. Nh5
Kh7 34. Rxg7+ Kh8 35. Rxb7 1-0

[Event "DEM U10/U10w 2013"]
[Site "Oberhof GER"]
[Date "2013.05.21"]
[Round "5"]
[White "Astner, Sebastian"]
[Black "Truong, Lisa"]
[Result "1-0"]
[Termination "normal"]
[Board "34"]
[WhiteElo "886"]
[BlackElo "793"]
[PlyCount "103"]
[WhiteFideId "12979422"]
[BlackFideId "12983462"]
[EventCountry "GER"]
[EventRounds "11"]
[EventType "swiss"]
[EventDate "2013.05.18"]

1. e4 e5 2. Nf3 Nc6 3. Bc4 Bc5 4. O-O Nf6 5. Nc3 O-O 6. d3 h6 7. Be3 Bb6 8. h3
d6 9. Qe2 Bd7 10. Rad1 Re8 11. Bxb6 axb6 12. Rfe1 Be6 13. Bxe6 Rxe6 14. d4 exd4
15. Nxd4 Nxd4 16. Rxd4 c5 17. Rd3 Qe7 18. a3 Rd8 19. f4 d5 20. e5 d4 21. Nd1
Nd5 22. Qf3 b5 23. c3 Qh4 24. Re4 Qe7 25. cxd4 cxd4 26. Rexd4 Qc5 27. Kh1 Ree8
28. Nc3 Kf8 29. Rxd5 Rxd5 30. Qxd5 Qf2 31. Qxb5 Qf1+ 32. Kh2 Qxf4+ 33. Kg1 Rxe5
34. Rd8+ Ke7 35. Qe8+ Kf6 36. Rd6+ Kg5 37. Qxe5+ Qxe5 38. Rd5 Qxd5 39. Nxd5 f6
40. Kf2 g6 41. b4 f5 42. a4 Kh4 43. b5 g5 44. a5 g4 45. hxg4 fxg4 46. g3+ Kh3
47. a6 bxa6 48. bxa6 h5 49. Nf4+ Kh2 50. a7 Kh1 51. a8=Q+ Kh2 52. Qg2# 1-0

[Event "DEM U10/U10w 2013"]
[Site "Oberhof GER"]
[Date "2013.05.21"]
[Round "5"]
[White "Hartmann, Katrin"]
[Black "Bierfreund, Trine Maja"]
[Result "0-1"]
[Termination "normal"]
[Board "35"]
[WhiteElo "975"]
[BlackElo "1341"]
[PlyCount "38"]
[WhiteFideId "16200632"]
[BlackFideId "12957372"]
[EventCountry "GER"]
[EventRounds "11"]
[EventType "swiss"]
[EventDate "2013.05.18"]

1. Nf3 d5 2. g3 Nf6 3. Bg2 Nc6 4. d4 e6 5. Bf4 Bd6 6. Bxd6 Qxd6 7. Nbd2 O-O 8.
O-O e5 9. dxe5 Nxe5 10. Nxe5 Qxe5 11. c3 c5 12. f4 Qe3+ 13. Kh1 Re8 14. Bf3 Bg4
15. Bxg4 Nxg4 16. h3 Nf2+ 17. Rxf2 Qxf2 18. Qb3 Rxe2 19. Rf1 Qg2# 0-1

[Event "DEM U10/U10w 2013"]
[Site "Oberhof GER"]
[Date "2013.05.21"]
[Round "5"]
[White "Pantsernaya, Sofya"]
[Black "Indilewitsch, Marie-Claire"]
[Result "1-0"]
[Termination "normal"]
[Board "36"]
[WhiteElo "1253"]
[BlackElo "963"]
[PlyCount "167"]
[WhiteFideId "12993182"]
[EventCountry "GER"]
[EventRounds "11"]
[EventType "swiss"]
[EventDate "2013.05.18"]

1. e4 e5 2. Nf3 Nc6 3. Bc4 Nf6 4. d3 Be7 5. O-O O-O 6. Nc3 d6 7. h3 Na5 8. Bb3
c6 9. Bg5 Qc7 10. Re1 Nxb3 11. axb3 d5 12. exd5 Nxd5 13. Nxd5 cxd5 14. Bxe7
Qxe7 15. Rxe5 Qd6 16. Qe2 b6 17. Re8 Rxe8 18. Qxe8+ Qf8 19. Qc6 Be6 20. Qa4 Qd6
21. Qd4 f6 22. c4 Qc5 23. Qxc5 bxc5 24. Re1 Kf7 25. Kf1 a5 26. Ra1 dxc4 27.
bxc4 Bf5 28. Ke2 Rd8 29. Rxa5 Bxd3+ 30. Ke1 Bxc4 31. Rxc5 Re8+ 32. Kd2 Re2+ 33.
Kc3 Ba6 34. Rc7+ Kg6 35. Nh4+ Kg5 36. Nf3+ Kf4 37. Rxg7 Rxf2 38. Rg4+ Ke3 39.
Nh4 Be2 40. Rg7 Rf4 41. Rxh7 Rc4+ 42. Kb3 Kd3 43. Rd7+ Ke4 44. Nf3 Kf4 45. Rd4+
Rxd4 46. Nxd4 Bf1 47. Ne6+ Kf5 48. Nd4+ Kg6 49. Nf3 Kf5 50. Kc3 Kf4 51. Ne1 Kg3
52. b4 Kf4 53. Nd3+ Ke4 54. Nf2+ Kd5 55. Ng4 Ke6 56. h4 f5 57. Ne3 Ba6 58. g4
fxg4 59. Nxg4 Kf7 60. h5 Kg7 61. Kd2 Kh7 62. Ke3 Kh8 63. Kf4 Kh7 64. Kg5 Bd3
65. h6 Kh8 66. Ne5 Be4 67. b5 Kg8 68. b6 Kh7 69. Nd7 Kh8 70. Nc5 Bd5 71. Nd7
Be4 72. Nc5 Bd5 73. Nb3 Bc6 74. Na5 Bd5 75. Kf6 Be4 76. Ke5 Bf3 77. Kd6 Be4 78.
Nc6 Bf5 79. b7 Bc8 80. bxc8=Q+ Kh7 81. Qg4 Kxh6 82. Ke6 Kh7 83. Kf7 Kh8 84.
Qg7# 1-0

[Event "DEM U10/U10w 2013"]
[Site "Oberhof GER"]
[Date "2013.05.21"]
[Round "5"]
[White "Schmidtmann, Kimberly"]
[Black "Klemke, Kassandra"]
[Result "1-0"]
[Termination "normal"]
[Board "37"]
[WhiteElo "950"]
[BlackElo "1163"]
[PlyCount "77"]
[WhiteFideId "12967106"]
[BlackFideId "16217128"]
[EventCountry "GER"]
[EventRounds "11"]
[EventType "swiss"]
[EventDate "2013.05.18"]

1. e4 e6 2. d4 d5 3. exd5 exd5 4. Nf3 Bd6 5. Bd3 f6 6. Be3 Nc6 7. Bb5 Bd7 8.
Nc3 Nge7 9. O-O O-O 10. Qd2 a6 11. Ba4 Nf5 12. Nxd5 b5 13. Bb3 Kh8 14. c3 Na5
15. Bc2 c6 16. Nf4 Nc4 17. Qe2 Nxb2 18. Bxf5 Bxf5 19. Qxb2 Qa5 20. Bd2 Rab8 21.
c4 Qa4 22. c5 Be7 23. Rac1 h6 24. Nh4 Bh7 25. Nhg6+ Kg8 26. Nxf8 Kxf8 27. Rce1
Rd8 28. Ne6+ Ke8 29. Nxd8 Kxd8 30. Re3 b4 31. Qxb4 Qxa2 32. Ra3 Qe6 33. Rxa6
Ke8 34. Ra8+ Kf7 35. Qb8 Qe2 36. Ba5 Qd3 37. d5 Qxd5 38. Rb1 Bxb1 39. Qg8+ 1-0

[Event "DEM U10/U10w 2013"]
[Site "Oberhof GER"]
[Date "2013.05.21"]
[Round "5"]
[White "Ziegenfuß, Antonia"]
[Black "Höfs, Cederik"]
[Result "1-0"]
[Termination "normal"]
[Board "38"]
[WhiteElo "1064"]
[BlackElo "915"]
[PlyCount "139"]
[WhiteFideId "12962554"]
[BlackFideId "16207653"]
[EventCountry "GER"]
[EventRounds "11"]
[EventType "swiss"]
[EventDate "2013.05.18"]

1. e4 e5 2. Nc3 Nf6 3. Bc4 Bc5 4. d3 d6 5. f4 Bg4 6. Nf3 Nc6 7. Na4 Qd7 8. Nxc5
dxc5 9. h3 Be6 10. Bb3 O-O-O 11. O-O Bxb3 12. axb3 Kb8 13. Be3 Qd6 14. Qd2 Rhe8
15. Ra2 a6 16. Qc3 Nd4 17. Bxd4 cxd4 18. Qa5 exf4 19. e5 Qc6 20. exf6 gxf6 21.
Rc1 Rd5 22. Qd2 Re3 23. Ra5 Rd6 24. Re1 f5 25. Rxf5 f6 26. Rxf4 Qd5 27. Rxd4
Rxe1+ 28. Qxe1 Qc5 29. Qf2 a5 30. Rxd6 Qxd6 31. Qd4 Qc6 32. c3 Qb5 33. Nh2 Qxb3
34. Qxf6 Qxb2 35. Qd8+ Ka7 36. Qxc7 Qb6+ 37. Qxb6+ Kxb6 38. Nf3 a4 39. Nd2 Kc6
40. Nc4 b5 41. Na3 Kc5 42. Kf2 b4 43. cxb4+ Kxb4 44. Nc2+ Kc3 45. Na3 Kxd3 46.
Ke1 Kc3 47. Kd1 Kb2 48. Nc2 Kc3 49. g4 Kc4 50. Kd2 h6 51. h4 Kd5 52. Ke3 Ke6
53. Kf4 Kf6 54. Na3 Kg7 55. Kf5 Kf7 56. Nc2 Kg7 57. g5 hxg5 58. hxg5 Kf7 59.
g6+ Kg7 60. Na3 Kg8 61. Kf6 Kf8 62. g7+ Kg8 63. Nc2 a3 64. Nxa3 Kh7 65. Kf7 Kh6
66. g8=Q Kh5 67. Kf6 Kh4 68. Nc2 Kh3 69. Ne3 Kh2 70. Qg2# 1-0

[Event "DEM U10/U10w 2013"]
[Site "Oberhof GER"]
[Date "2013.05.21"]
[Round "5"]
[White "Gabriel, Benjamin"]
[Black "Silber, Fabian"]
[Result "0-1"]
[Termination "normal"]
[Board "39"]
[WhiteElo "920"]
[BlackElo "1058"]
[PlyCount "54"]
[WhiteFideId "16226887"]
[BlackFideId "12947288"]
[EventCountry "GER"]
[EventRounds "11"]
[EventType "swiss"]
[EventDate "2013.05.18"]

1. d4 d5 2. Nc3 Nf6 3. Bf4 a6 4. Nf3 e6 5. a3 Bd6 6. Bxd6 Qxd6 7. e3 O-O 8. Bd3
Nbd7 9. O-O b6 10. b4 Bb7 11. Re1 e5 12. dxe5 Nxe5 13. Nxe5 Qxe5 14. Qd2 Ng4
15. g3 c5 16. bxc5 bxc5 17. e4 c4 18. Bf1 dxe4 19. Bxc4 Rfd8 20. Qf4 Qh5 21. h4
Rac8 22. Be2 Rxc3 23. Bxg4 Qd5 24. Rec1 e3 25. Kf1 Qg2+ 26. Ke2 Rd2+ 27. Ke1
Qg1# 0-1

[Event "DEM U10/U10w 2013"]
[Site "Oberhof GER"]
[Date "2013.05.21"]
[Round "5"]
[White "Brunner, Sophia"]
[Black "Grabbel, Lennart Christian"]
[Result "0-1"]
[Termination "normal"]
[Board "40"]
[WhiteElo "1054"]
[BlackElo "893"]
[PlyCount "130"]
[WhiteFideId "12960683"]
[BlackFideId "16201620"]
[EventCountry "GER"]
[EventRounds "11"]
[EventType "swiss"]
[EventDate "2013.05.18"]

1. d4 d5 2. c4 c6 3. Nc3 Nf6 4. Bg5 e6 5. Nf3 Nbd7 6. e4 Bb4 7. e5 h6 8. Bxf6
gxf6 9. a3 Ba5 10. b4 Bc7 11. cxd5 cxd5 12. Bb5 a6 13. Bxd7+ Bxd7 14. Qe2 fxe5
15. dxe5 Qe7 16. b5 axb5 17. Nxb5 Ba5+ 18. Nd2 Bxd2+ 19. Kxd2 Qc5 20. Nd6+ Ke7
21. Qe3 Qxe3+ 22. Kxe3 Rab8 23. Rab1 Bc6 24. f4 f6 25. Nb5 fxe5 26. fxe5 Bxb5
27. Rxb5 Rhf8 28. a4 Rf5 29. Kd4 Rf4+ 30. Kd3 Rxa4 31. Rhb1 Ra7 32. g4 Kf7 33.
Rb6 Ra3+ 34. Kd4 Ra4+ 35. Kc5 Rxg4 36. Rxb7+ Rxb7 37. Rxb7+ Kg6 38. Kd6 d4 39.
Rb3 Kf5 40. Rf3+ Rf4 41. Rd3 Ke4 42. Rd1 d3 43. Re1+ Kd4 44. Kxe6 h5 45. Kd6 d2
46. Rd1 Ke3 47. e6 Ke2 48. Rxd2+ Kxd2 49. e7 Rd4+ 50. Ke6 Ke3 51. Kf7 Re4 52.
h4 Kf4 53. e8=Q Rxe8 54. Kxe8 Kg4 55. Ke7 Kxh4 56. Kf6 Kg3 57. Kg5 h4 58. Kf5
h3 59. Ke4 h2 60. Ke3 h1=Q 61. Ke2 Qf3+ 62. Ke1 Qf2+ 63. Kd1 Kf3 64. Kc1 Ke3
65. Kd1 Qd2# 0-1

[Event "DEM U10/U10w 2013"]
[Site "Oberhof GER"]
[Date "2013.05.21"]
[Round "5"]
[White "Ewerhardy, Moritz"]
[Black "Richter, Merlin"]
[Result "1/2-1/2"]
[Termination "normal"]
[Board "41"]
[WhiteElo "1019"]
[BlackElo "791"]
[PlyCount "41"]
[WhiteFideId "36052086"]
[EventCountry "GER"]
[EventRounds "11"]
[EventType "swiss"]
[EventDate "2013.05.18"]

1. e4 e5 2. Nf3 Nc6 3. Bc4 Bc5 4. Nc3 Nf6 5. d3 d6 6. Be3 Bb6 7. Ne2 Be6 8. Bb3
d5 9. Ng3 d4 10. Bd2 Bg4 11. h3 Bd7 12. Qe2 Qe7 13. O-O-O O-O-O 14. Ng5 Rdf8
15. Rhf1 h6 16. Nf3 Rd8 17. Nh2 Rhf8 18. f4 Rg8 19. fxe5 Nxe5 20. Rde1 Rge8 21.
Kb1 1/2-1/2

[Event "DEM U10/U10w 2013"]
[Site "Oberhof GER"]
[Date "2013.05.21"]
[Round "5"]
[White "Sinnhöfer, Lilian"]
[Black "Wachinger, Nikolas"]
[Result "0-1"]
[Termination "normal"]
[Board "42"]
[WhiteElo "875"]
[BlackElo "1007"]
[PlyCount "132"]
[WhiteFideId "12977586"]
[BlackFideId "12962791"]
[EventCountry "GER"]
[EventRounds "11"]
[EventType "swiss"]
[EventDate "2013.05.18"]

1. e4 c5 2. Nf3 Nc6 3. Bb5 d6 4. d4 cxd4 5. Nxd4 Bd7 6. Nxc6 Bxc6 7. Nc3 Qb6 8.
Bxc6+ bxc6 9. O-O e6 10. Re1 Nf6 11. Bg5 Qxb2 12. Qd2 d5 13. Bxf6 gxf6 14. exd5
Rd8 15. Rab1 Qa3 16. Rb3 Qa5 17. Ne4 Qxd2 18. Nxd2 cxd5 19. Rb7 Bd6 20. Rxa7
Bb4 21. a3 Bxd2 22. Rd1 Bg5 23. a4 O-O 24. Ra1 Ra8 25. Rxa8 Rxa8 26. a5 Kf8 27.
a6 Ke7 28. a7 Kd7 29. Ra6 Kc7 30. Kf1 Kb7 31. Ra1 Rxa7 32. Rxa7+ Kxa7 33. Ke1
Kb6 34. Ke2 Kc5 35. Kd3 e5 36. g3 e4+ 37. Ke2 d4 38. h4 Bh6 39. f3 exf3+ 40.
Kxf3 Kc4 41. Ke2 Kc3 42. Kd1 d3 43. cxd3 Kxd3 44. Ke1 Ke3 45. Kf1 Kf3 46. Ke1
Kxg3 47. Ke2 Kxh4 48. Kf3 f5 49. Kf2 Kg4 50. Kg2 f4 51. Kf2 f3 52. Kf1 Bg5 53.
Kf2 Be3+ 54. Kf1 h5 55. Ke1 h4 56. Kf1 h3 57. Ke1 h2 58. Kd1 h1=Q+ 59. Kc2 Qe1
60. Kb2 Qc1+ 61. Kb3 Qc5 62. Kb2 Qc4 63. Ka3 Qb5 64. Ka2 Qb4 65. Ka1 Bd4+ 66.
Ka2 Qb2# 0-1

[Event "DEM U10/U10w 2013"]
[Site "Oberhof GER"]
[Date "2013.05.21"]
[Round "5"]
[White "Huppert, Anna"]
[Black "Ruppert, Paula"]
[Result "0-1"]
[Termination "normal"]
[Board "43"]
[WhiteElo "793"]
[BlackElo "989"]
[PlyCount "94"]
[WhiteFideId "16214439"]
[BlackFideId "12979996"]
[EventCountry "GER"]
[EventRounds "11"]
[EventType "swiss"]
[EventDate "2013.05.18"]

1. e4 d5 2. exd5 Qxd5 3. Nc3 Qa5 4. Nf3 Bg4 5. h3 Bh5 6. g4 Bg6 7. Nd4 Qe5+ 8.
Be2 Qxd4 9. O-O e6 10. d3 Bd6 11. Bf3 Qe5 12. Re1 Qh2+ 13. Kf1 Bc5 14. Re2
Qxh3+ 15. Bg2 Qxg4 16. Qd2 Nf6 17. f3 Qd4 18. Re3 Nd5 19. Nb5 Nxe3+ 20. Kg1 Qe5
21. Qf2 Nf5 22. Bf4 Qd5 23. Nxc7+ Kd8 24. Nxd5 Bxf2+ 25. Kxf2 exd5 26. d4 Nxd4
27. Rd1 Ne6 28. Rxd5+ Kc8 29. Bh3 Rd8 30. Re5 Nd7 31. Re3 Nxf4 32. Rc3+ Kb8 33.
Bf1 Rc8 34. Bc4 Nb6 35. Ke3 Nfd5+ 36. Kd4 Nxc3 37. Kxc3 Rxc4+ 38. Kd2 Kc7 39.
b3 Rxc2+ 40. Ke3 Re8+ 41. Kf4 Rce2 42. a4 Nd5+ 43. Kg4 f5+ 44. Kh4 Rg2 45. a5
Re1 46. Kh3 Nf4+ 47. Kh4 Rh1# 0-1